Carpet monsters and killers spores : a natural history of toxic mold

Αποθηκεύτηκε σε:
Λεπτομέρειες βιβλιογραφικής εγγραφής
Κύριος συγγραφέας: Money, Nicholas P.
Μορφή: Βιβλίο
Γλώσσα:English
Δημοσίευση: Oxford; New York : Oxford University Press, c2004
Θέματα:
Ετικέτες: Προσθήκη ετικέτας
Δεν υπάρχουν, Καταχωρήστε ετικέτα πρώτοι!

MARC

LEADER 00000nam a2200000 i 4500
001 1/53328
008 070830s2004 eng d
020 |a 0-19-517227-2 (hbk.) 
035 |l 10090256 
040 |a GR-MY-UA  |b gre  |e aacr 
041 0 |a eng 
082 0 |a 648.7  |2 (22) 
100 1 |a Money, Nicholas P. 
245 1 0 |a Carpet monsters and killers spores :  |b a natural history of toxic mold /  |c Nicholas P. Money 
260 |a Oxford; New York :   |b Oxford University Press,   |c c2004 
300 |a ix, 178 σ.;  |b εικ. (μερ. έγχρ.);  |c 22 εκ. 
504 |a Περιέχει βιβλιογραφικές παραπομπές και ευρετήριo 
650 0 0 |a Molds (Fungi)  |x Control. 
650 0 0 |a Molds (Fungi)  |x Health aspects. 
650 0 0 |a Indoor air pollution. 
650 0 0 |a Dampness in buildings. 
650 0 0 |a Dwellings  |x Maintenance and repair. 
852 |a INST  |b LESVOS  |e 20070830  |h 648.7 MON  |p 005100039168  |q 005100039168  |t BK  |y 0 
901 |a BIBL1-2007-2 
909 |a Λ  |b 137374 
922 |a 1ΕΛΗ  |b 200707  |c ΕΠΕΑΕΚ2/ΤΕΘ  |d ΕΛΕΥΘΕΡΟΥΔΑΚΗΣ 
970 |a ΒΑΡΚΑ  |b ΕΛΕΥΘΕΡΙΑ  |z 2007/08/30